000 00307nam a22001217a 4500
020 _a978-969-35-1040-2
040 _cCL
100 _aNazir Ahmad Chaudhry
_928550
245 _aLahore Fort A Witness to History
260 _aLahore:
_bSang e Meel Publications,
_c1999.
300 _a405p.
942 _2ddc
_cBK
999 _c612872
_d612872